| 000 | | | 04477cbm0a2200277#x 450 |
| 001 | | | b4068ab6-9ba9-4935-86ad-ee37a372acdf |
| 005 | | | 20240716093230.0 |
| 100 | ## | $a | 20221222j19411017k###0rusy50 ca |
| 101 | 0# | $a | rus |
| 102 | ## | $a | RU |
| 122 | 0# | $a | d19411017#### |
| 200 | 1# | $a | Постановление ЦК ВКП(б) о печати газет "Правда" и "Известия" в Казани и Куйбышеве |
| | $j | 17 октября 1941 г. |
| 251 | ## | $c | Документ |
| 300 | ## | $a | Подлинник |
| 461 | #0 | $1 | 2001 |
| | $a | Ф. 17 |
| | $1 | 251 |
| | $c | Фонд |
| | $1 | 852 |
| | $j | 17 |
| 462 | #0 | $1 | 2001 |
| | $a | Оп. 163 |
| | $1 | 251 |
| | $c | Опись |
| | $1 | 852 |
| | $j | 163 |
| 462 | #0 | $1 | 2001 |
| | $a | Д. 1323 |
| | $v | Л. 100 |
| | $1 | 251 |
| | $c | Дело |
| | $1 | 852 |
| | $j | 1323 |
| 605 | ## | $a | Вторая мировая война в архивных документах (Комплекс оцифрованных архивных документов, кино- и фотоматериалов) |
| | $l | коллекция |
| | $2 | acquisition_Prlib |
| | $3 | LIBNET\UAF\0000088514 |
| 605 | ## | $a | Республика Татарстан: страницы истории |
| | $l | коллекция |
| | $2 | acquisition_Prlib |
| | $3 | LIBNET\UAF\0000057540 |
| 606 | 1# | $2 | nlr_sh |
| | $3 | RU\NLR\AUTH\668893 |
| | $a | Великая Отечественная война |
| | $z | 1941 - 1945 |
| | $j | Документы и материалы |
| 607 | ## | $2 | nlr_sh |
| | $3 | RU\NLR\AUTH\661372438 |
| | $a | СССР |
| | $x | Политика и управление |
| | $z | 1941 - 1945 |
| | $j | Документы и материалы |
| 686 | ## | $a | 63.3(2)622-33ю11 |
| | $v | LBC/M |
| | $2 | rubbk |
| 801 | #0 | $a | RU |
| | $b | ПБ им. Б.Н. Ельцина |
| | $c | 20221222 |
| 801 | #1 | $a | RU |
| | $b | ПБ им. Б.Н. Ельцина |
| | $c | 20221222 |
| | $2 | rusmarc |
| 801 | #2 | $a | RU |
| | $b | ПБ им. Б.Н. Ельцина |
| | $c | 20221228 |
| | $2 | rusmarc |
| 850 | ## | $a | Российский государственный архив социально-политической истории |
| 852 | ## | $a | РГАСПИ |
| | $j | Л. 100 |
| 035 | ## | $a | LIBNET\0001298840 |
| 937 | ## | $d | 181780848 |
| | $h | Федеральное архивное агентство |
| 856 | 4# | $u | http://readingroom.main.prlib.ru/item.aspx?id_node=n181780848&mode=full |